000 00522nab a2200145Ia 4500
003 ES-SlBCS
005 20210601135646.0
008 140529s2002 xxu||||| |||| 00| 0 spa d
041 _aspa
100 1 _aFernández Pérez, Sonia María
_9234890
245 0 0 _aPara una nueva lectura de la Portada Occidental de Santo Estevo de Ribas de Miño
_c Sonia María Fernández Pérez
600 1 4 _aEstevo de Ribas de Miño, Santo
_9234891
773 0 _tCompostellanum
_gvol. 46, nº. 3-4, 2002, págs. 603-630
_wRev130
942 _cAR
999 _c631810
_d631810